00670nam a2200241 a 4500001001300000003000900013005001700022008004100039020001000080082001700090100001400107245004800121260004500169300000900214500003500223505001000258650001900268700001400287902000800301942000700309952009700316999001500413nice12345678IN_TiNIC20260116011554.0050524s1958 lona grp 000 0 eng  ac10000a297.124bRAH aRahman, F aProphecy in Islam, Philosophy and Orthodoxy aLondonbGeorge Allen and Unwin Ltdc1958 a118p aincludes index and biblioraphy2 aIndex aIslam-Prophecy1 aRahman, F bSRS cBK 00104070aHMIbHMId2007-08-07g100.00l0o297.124 RAHp01129r2007-08-07w2026-01-16yEB c2683d2683